000 00764nam a22001817a 4500
999 _c59242
_d59242
003 Ge_BSU
005 20221222171601.0
008 221222s1984ge xxu||||| |||| 00| 0 geo d
041 _ageo
080 _a791(479.22)(09)+ 821.353.1-94 დ-72
100 _aდოლიძე, სიკო, ავტ.
_916538
245 _aმოგონებები /
_c სიკო დოლიძე, რედ. გიორგი დოლიძე.
264 _aთბილისი :
_bხელოვნება,
_c1984.
300 _a178 გვ. :
_b ილ. 16 ფ. ;
_c21 სმ.
653 _aქართული კინოს ისტორია.
700 _aდოლიძე, გიორგი
_eრედაქტორი
_99300
942 _2udc
_cBK